|
|
|
|
| LEADER |
00000naa2a2200000 4500 |
| 001 |
626673 |
| 005 |
20240207092812.0 |
| 035 |
|
|
|a (RuTPU)RU\TPU\conf\26171
|
| 035 |
|
|
|a RU\TPU\conf\26170
|
| 090 |
|
|
|a 626673
|
| 100 |
|
|
|a 20180423d2018 k y0rusy50 ca
|
| 101 |
0 |
|
|a rus
|
| 102 |
|
|
|a RU
|
| 105 |
|
|
|a y z 101zy
|
| 135 |
|
|
|a drgn ---uucaa
|
| 181 |
|
0 |
|a i
|
| 182 |
|
0 |
|a b
|
| 200 |
1 |
|
|a Переводы и переводчики: основные подходы к переводу произведений А. П. Чехова на английский язык (в историческом аспекте)
|f А. Т. Гедеванишвили
|g науч. рук. Н. В. Ивушкина
|
| 203 |
|
|
|a Текст
|c электронный
|
| 225 |
1 |
|
|a Гуманитарные науки и лингвистика в техническом вузе
|
| 230 |
|
|
|a 1 компьютерный файл (pdf; 124 Kb)
|
| 300 |
|
|
|a Заглавие с экрана
|
| 320 |
|
|
|a [Библиогр.: с. 163 (4 назв.)]
|
| 463 |
|
0 |
|0 (RuTPU)RU\TPU\conf\26047
|t Прогрессивные технологии и экономика в машиностроении
|o сборник трудов IX Всероссийской научно-практической конференции для студентов и учащейся молодежи, 5-7 апреля 2018 г., Юрга
|f Национальный исследовательский Томский политехнический университет (ТПУ), Юргинский технологический институт (ЮТИ) ; под ред. Д. А. Чинахова
|v [С. 161-163]
|d 2018
|
| 610 |
1 |
|
|a электронный ресурс
|
| 610 |
1 |
|
|a труды учёных ТПУ
|
| 610 |
1 |
|
|a переводы
|
| 610 |
1 |
|
|a переводчики
|
| 610 |
1 |
|
|a произведения
|
| 610 |
1 |
|
|a английский язык
|
| 610 |
1 |
|
|a мировая литература
|
| 700 |
|
1 |
|a Гедеванишвили
|b А. Т.
|
| 702 |
|
1 |
|a Ивушкина
|b Н. В.
|c лингвист
|c старший преподаватель Юргинского технологического инстиута (филиала) Томского политехнического университета
|f 1973-
|g Наталия Владимировна
|2 stltpush
|4 727
|9 10837
|
| 712 |
0 |
2 |
|a Национальный исследовательский Томский политехнический университет (ТПУ)
|b Юргинский технологический институт (филиал) (ЮТИ)
|b Кафедра гуманитарного образования и иностранных языков (ГОИЯ)
|h 5788
|2 stltpush
|3 (RuTPU)RU\TPU\col\18978
|
| 801 |
|
2 |
|a RU
|b 63413507
|c 20180426
|g RCR
|
| 856 |
4 |
|
|u http://earchive.tpu.ru/handle/11683/47123
|
| 942 |
|
|
|c BK
|